Què és la formació professional especialitzada (FPE)
Descripción Física:
80 p. ; 24 cm
Colección:
Temes d'Educació ; 10
Materias:
Formació professional
MARC
| LEADER | 00000nam a2200000Ia 4500 | ||
|---|---|---|---|
| 001 | 11449 | ||
| 008 | 160829s1996 xx 000 0 cat d | ||
| 080 | |a E-1-66 | ||
| 245 | |a Què és la formació professional especialitzada (FPE) | ||
| 260 | |a Barcelona : |b Diputació de Barcelona. Àrea d'Educació, |c 1996 | ||
| 300 | |a 80 p. ; |c 24 cm | ||
| 490 | |a Temes d'Educació ; 10 | ||
| 590 | |a Text elaborat pel Grup de Suport Documental i Informació Tècnica del Servei d'Ensenyament de la Diputació de Barcelona. | ||
| 650 | |a Formació professional |9 38621 | ||
| 710 | |a Barcelona (Catalunya : Província). |b Àrea d'Educació |9 8009 | ||
| 901 | |a Arxiu | ||
| 942 | |n 1 | ||
| 952 | |0 0 |1 0 |4 0 |6 E166 |7 1 |9 41973 |a Arxiu |b Arxiu |d 2016-12-01 |l 0 |o E-1-66 |p 11449 |r 2016-12-01 00:00:00 |w 2016-12-01 |y ARXIU | ||
| 999 | |c 44420 |d 44420 | ||